Catálogo colectivo de las bibliotecas de centros de estudios eclesiásticos de España : (Record no. 33968)

MARC details
000 -LEADER
campo de control de longitud fija 01048nam a2200229 i 4500
001 - NÚMERO DE CONTROL
campo de control 33968
003 - IDENTIFICADOR DE NÚMERO DE CONTROL
campo de control ES-MaACL
005 - FECHA Y HORA DE LA ÚLTIMA TRANSACCIÓN
campo de control 20250903083409.0
007 - CAMPO FIJO DE DESCRIPCIÓN FÍSICA--INFORMACIÓN GENERAL
campo de control de longitud fija t|
008 - DATOS DE LONGITUD FIJA--INFORMACIÓN GENERAL
campo de control de longitud fija 030203m19821984sp ||||1| spa d
245 00 - MENCIÓN DEL TÍTULO
Título Catálogo colectivo de las bibliotecas de centros de estudios eclesiásticos de España :
Resto del título sección de revistas /
Mención de responsabilidad, etc. Instituto de Información Científica de la Iglesia Española (IDICIE) ; con la colaboración de la Dirección General de Bellas Artes, Archivos y Bibliotecas.
260 ## - PUBLICACIÓN, DISTRIBUCIÓN, ETC.
Lugar de publicación, distribución, etc. Madrid :
Nombre del editor, distribuidor, etc. Instituto Bibliográfico Hispánico,
Fecha de publicación, distribución, etc. 1982-84.
300 ## - DESCRIPCIÓN FÍSICA
Extensión 2 v. ;
Dimensiones 30 cm.
500 ## - NOTA GENERAL
Nota general v. 2 por Ricardo Blasco Génova.
650 #4 - PUNTO DE ACCESO ADICIONAL DE MATERIA--TÉRMINO DE MATERIA
Término de materia o nombre geográfico como elemento de entrada Publicaciones periódicas-
Subdivisión de forma Catálogos colectivos.
9 (RLIN) 158900
650 04 - PUNTO DE ACCESO ADICIONAL DE MATERIA--TÉRMINO DE MATERIA
Término de materia o nombre geográfico como elemento de entrada Catálogos colectivos-
Subdivisión geográfica España
9 (RLIN) 10840
700 0# - ENTRADA AGREGADA--NOMBRE PERSONAL
Nombre de persona Blasco Génova, Ricardo.
9 (RLIN) 29387
710 2# - ENTRADA AGREGADA--NOMBRE DE ENTIDAD CORPORATIVA
Nombre de entidad corporativa o nombre de jurisdicción como elemento de entrada Instituto de Información Científica de la Iglesia Española
9 (RLIN) 4958
710 2# - ENTRADA AGREGADA--NOMBRE DE ENTIDAD CORPORATIVA
Nombre de entidad corporativa o nombre de jurisdicción como elemento de entrada Instituto Bibliográfico Hispánico
9 (RLIN) 4801
852 ## - LOCALIZACIÓN
Ubicación ES-MaACL
Número de control de estantería F-6060-61
Sublocalización o colección R.103478
Holdings
Estatus retirado Estado de pérdida Fuente del sistema de clasificación o colocación Estado de daño No para préstamo Colección Biblioteca de origen Biblioteca actual Ubicación en estantería Fecha de adquisición Total de préstamos Signatura topográfica completa Código de barras Visto por última vez Precio de reemplazo Tipo de ítem Koha
    Clasificación decimal universal     Biblioteca profesional Biblioteca del Ateneo de Madrid Biblioteca del Ateneo de Madrid Depósito 2 17/01/2008   F-6060-61 1035398 23/02/2023 23/02/2023 Libro impreso